000
00290nam a2200109Ia 4500
008
200302s9999 xx 000 0 und d
100
_a
Sdam Sheppard and Nick smith
245
_a
Study skills for town and country planning
260
_b
Sage Publication Ltd.,
260
_c
2014
300
_a
238
999
_c
6472
_d
6472